|
|
|
|
| LEADER |
00000cas a2200000 a 4500 |
| 001 |
vtls010530823 |
| 003 |
SK-MaSNL |
| 005 |
20260413115942.0 |
| 008 |
170405c19909999xo mr n 0 0slo |
| 022 |
|
|
|a 1339-2875
|
| 040 |
|
|
|a SNK
|b slo
|c SNK
|e AACR2
|
| 041 |
0 |
|
|a slo
|
| 043 |
|
|
|a e-xo---
|
| 044 |
|
|
|a xo
|c SK
|
| 072 |
|
7 |
|a 316.7
|x Sociológia kultúry. Kultúrny život
|2 konspekt
|
| 072 |
|
7 |
|a 352/354
|x Stupne miestnej, oblastnej a ústrednej správy
|2 konspekt
|
| 080 |
|
|
|a 316.728
|2 2001
|
| 080 |
|
|
|a 352
|2 2011
|
| 080 |
|
|
|a (437.6)
|2 2011
|
| 080 |
|
|
|a 050
|2 2011
|
| 080 |
|
|
|a (051)+(054)
|2 2011
|
| 210 |
0 |
|
|a Senčan
|
| 222 |
|
0 |
|a Senčan
|
| 245 |
0 |
0 |
|a Senčan
|b časopis obyvateľov Senca
|
| 260 |
|
|
|a Senec
|b Mestský úrad Senec
|c 1990-
|
| 300 |
|
|
|a zv.
|c 29-41 cm
|
| 310 |
|
|
|a 1x mesačne
|b 1993-
|
| 321 |
|
|
|a Nepravidelne
|b 1990-1992
|
| 362 |
|
|
|a Roč. 1, č. 1 (1990-)
|
| 500 |
|
|
|a Zmena podnázov: č. 2/1993-8/1993, noviny obyvateľov Senca a okolia ; 9/1993-12/1999, noviny o obyvateľoch a pre obyvateľov Senca ; 1/2000-, mestské noviny
|
| 500 |
|
|
|a Redaktor: 2/1990-17/1992, Martin Doboš ; 1/1993- 6/1993, Roman Šantúr ; vedúca red.: 1/96-jan./2002, Eva Hlavatá ; sept./2002-okt./2002, Andrej Csabay ; nov./2002-jún/2005, Kristína Dugovičová ; Šéfredaktorka: 1/2013- , Martina Ostatníková
|
| 500 |
|
|
|a Od č. 2/1993 rozmer zv. 29 cm
|
| 500 |
|
|
|a Registrované pod číslom: OÚ SC-3/98 ; EV 4799/13
|
| 500 |
|
|
|a Registračné č. MK SR: EV 4799/13
|
| 515 |
|
|
|a Niektoré čísla vychádzajú ako dvojčíslo
|
| 515 |
|
|
|a Od r. 1995 je chybne označovaný ročník
|
| 650 |
0 |
7 |
|a spoločenský život
|2 SNKPH
|9 28654
|
| 650 |
0 |
7 |
|a kultúrny život
|2 SNKPH
|9 3182
|
| 650 |
0 |
7 |
|a územná samospráva
|2 SNKPH
|9 802
|
| 651 |
|
7 |
|a Senec (Slovensko)
|2 SNKPHgeo
|9 175132
|
| 655 |
|
7 |
|a miestne periodiká
|2 SNKPH
|9 160938
|
| 700 |
1 |
|
|a Doboš, Martin
|4 red
|9 265540
|
| 700 |
1 |
|
|a Šantúr, Roman
|4 red
|9 265541
|
| 700 |
1 |
|
|a Hlavatá, Eva
|4 pbd
|9 265542
|
| 700 |
1 |
|
|a Csabay, Andrej
|4 pbd
|9 265543
|
| 700 |
1 |
|
|a Dugovičová, Kristína
|4 pbd
|9 265544
|
| 700 |
1 |
|
|a Ostatníková, Martina,
|d 1979-,
|4 pbd
|9 197022
|
| 710 |
1 |
|
|a Senec (Slovensko).
|b Mestský úrad
|4 pbl
|9 188111
|
| 910 |
|
|
|a snk
|
| 916 |
|
|
|a 1990-2005, 2013-2016, 2017-2020
|
| 999 |
|
|
|c 829
|d 829
|
| 952 |
|
|
|t č. 1-12
|a SNK
|b SNK
|y PREZ
|7 0
|p 17A1558229
|o snkČSA 1031/31/2021
|i snk2025/16542
|8 0
|0 0
|1 0
|4 0
|d 2025-10-16
|l 0
|r 2026-02-21 19:51:24
|w 2026-02-21
|
| 952 |
|
|
|t č. 1-12 + mim. č.
|a SNK
|b SNK
|y PREZ
|7 0
|p 17A1558230
|o snkČSA 1031/32/2022
|i snk2025/16543
|8 0
|z Mimoriadne č. k Spojeným voľbám 2022
|0 0
|1 0
|4 0
|d 2025-10-16
|l 0
|r 2026-02-21 19:51:24
|w 2026-02-21
|
| 952 |
|
|
|t č. 1-12
|a SNK
|b SNK
|y PREZ
|7 0
|p 17A1558231
|o snkČSA 1031/33/2023
|i snk2025/16544
|8 0
|0 0
|1 0
|4 0
|d 2025-10-16
|l 0
|r 2026-02-21 19:51:24
|w 2026-02-21
|
| 952 |
|
|
|t č. 1-12
|a SNK
|b SNK
|y PREZ
|7 0
|p 17A1558232
|o snkČSA 1031/34/2024
|i snk2025/16545
|8 0
|0 0
|1 0
|4 0
|d 2025-10-16
|l 0
|r 2026-02-21 19:51:24
|w 2026-02-21
|
| 952 |
|
|
|t č. febr.-dec./jan.
|a SNK
|b SNK
|y PREZ
|7 0
|p 17A1205702
|o snkČSA 1031/13-14[14-15]/2003-2004
|i snk2017/8232
|8 0
|f 1
|0 0
|1 0
|4 0
|d 2017-04-05
|l 0
|r 2026-02-21 20:18:48
|w 2026-02-21
|
| 952 |
|
|
|t č. 1-12
|a SNK
|b SNK
|y PREZ
|7 0
|p 17A0819088
|o snkČSA 1031/8[9]/1998
|i snkČSP 1520/2000
|f 1
|0 0
|1 0
|4 0
|d 2017-04-04
|l 0
|r 2026-02-21 20:18:57
|w 2026-02-21
|
| 952 |
|
|
|t č. 12-17
|a SNK
|b SNK
|y PREZ
|7 0
|p 17A0819082
|o snkČSA 1031/3/1992
|i snkČSP 3381/94
|f 1
|0 0
|1 0
|4 0
|d 2017-04-04
|l 0
|r 2026-02-21 20:19:15
|w 2026-02-21
|
| 952 |
|
|
|t č. 1-12
|a SNK
|b SNK
|y PREZ
|7 0
|p 17A0819083
|o snkČSA 1031/4/1993
|i snkČSP 3631/94
|f 1
|0 0
|1 0
|4 0
|d 2017-04-04
|l 0
|r 2026-02-21 20:19:15
|w 2026-02-21
|
| 952 |
|
|
|t č. 1-12, neúplné
|a SNK
|b SNK
|y PREZ
|7 0
|p 17A0819085
|o snkČSA 1031/5[6]/1995
|i snkČSP 1777/2000
|z Chýba č. 5
|f 1
|0 0
|1 0
|4 0
|d 2017-04-04
|l 0
|r 2026-02-21 20:26:49
|w 2026-02-21
|
| 952 |
|
|
|t č. jan.-dec.
|a SNK
|b SNK
|y PREZ
|7 0
|p 17A1205707
|o snkČSA 1031/25[26]/2015
|i snk2017/8356
|8 0
|f 1
|0 0
|1 0
|4 0
|d 2017-04-06
|l 0
|r 2026-02-21 20:26:52
|w 2026-02-21
|
| 952 |
|
|
|t č. jan.-dec.
|a SNK
|b SNK
|y PREZ
|7 0
|p 17A1205708
|o snkČSA 1031/26[27]/2016
|i snk2017/8361
|8 0
|f 1
|0 0
|1 0
|4 0
|d 2017-04-06
|l 0
|r 2026-02-21 20:26:52
|w 2026-02-21
|
| 952 |
|
|
|t č. 1-12, neúplné
|a SNK
|b SNK
|y PREZ
|7 0
|p 17A0819086
|o snkČSA 1031/6[7]/1996
|i snkČSP 1518/2000
|z Chýba č. 12
|f 1
|0 0
|1 0
|4 0
|d 2017-04-04
|l 0
|r 2026-02-21 20:27:08
|w 2026-02-21
|
| 952 |
|
|
|t č. 1-12 + mim. vyd.
|a SNK
|b SNK
|y PREZ
|7 0
|p 17A1461196
|o snkČSA 1031/28[29]/2018
|i snk2021/16376
|8 0
|z Mimoriadne vydanie k voľbám do orgánov samosprávy obcí 2018 - vydané v nov.
|f 1
|0 0
|1 0
|4 0
|d 2021-10-22
|l 0
|r 2026-02-21 21:40:01
|w 2026-02-21
|
| 952 |
|
|
|t č. 1-12
|a SNK
|b SNK
|y PREZ
|7 0
|p 17A1461197
|o snkČSA 1031/29[30]/2019
|i snk2021/16377
|8 0
|f 1
|0 0
|1 0
|4 0
|d 2021-10-22
|l 0
|r 2026-02-21 21:40:01
|w 2026-02-21
|
| 952 |
|
|
|t č. 1-12
|a SNK
|b SNK
|y PREZ
|7 0
|p 17A1461198
|o snkČSA 1031/30[31]/2020
|i snk2021/16378
|8 0
|f 1
|0 0
|1 0
|4 0
|d 2021-10-22
|l 0
|r 2026-02-21 21:40:01
|w 2026-02-21
|
| 952 |
|
|
|t č. febr.-dec., neúplné
|a SNK
|b SNK
|y PREZ
|7 0
|p 17A1205703
|o snkČSA 1031/14[15]/2004
|i snk2017/8281
|8 0
|z Chýba č. febr., jún ; mar. (dostupné v PDF formáte v OSS)
|f 1
|0 0
|1 0
|4 0
|d 2017-04-05
|l 0
|r 2026-02-21 22:04:18
|w 2026-02-21
|
| 952 |
|
|
|t č. 1-3
|a SNK
|b SNK
|y PREZ
|7 0
|p 17A0789879
|o snkČSA 1031/1/1990
|i snkČSP 3385/94
|f 1
|0 0
|1 0
|4 0
|d 2017-04-03
|l 0
|r 2026-02-21 22:04:21
|w 2026-02-21
|
| 952 |
|
|
|t č. jan.-dec., neúplné
|a SNK
|b SNK
|y PREZ
|7 0
|p 17A1205699
|o snkČSA 1031/10[11]/2000
|i snk2017/8188
|8 0
|z Chýba č. jún.
|f 1
|0 0
|1 0
|4 0
|d 2017-04-04
|l 0
|r 2026-02-21 22:04:22
|w 2026-02-21
|
| 952 |
|
|
|t č. jan.-dec., neúplné
|a SNK
|b SNK
|y PREZ
|7 0
|p 17A1205700
|o snkČSA 1031/11[12]/2001
|i snk2017/8191
|8 0
|z Chýba č. apr., máj
|f 1
|0 0
|1 0
|4 0
|d 2017-04-04
|l 0
|r 2026-02-21 22:04:22
|w 2026-02-21
|
| 952 |
|
|
|t č. jan.-dec., neúplné
|a SNK
|b SNK
|y PREZ
|7 0
|p 17A1205701
|o snkČSA 1031/12[13]/2002
|i snk2017/8193
|8 0
|z Chýba č. febr.- dec. ; č. sept., okt., nov., dec. (dostupné v PDF formáte)
|f 1
|0 0
|1 0
|4 0
|d 2017-04-04
|l 0
|r 2026-02-21 22:04:22
|w 2026-02-21
|
| 952 |
|
|
|t č. 4-11, neúplné
|a SNK
|b SNK
|y PREZ
|7 0
|p 17A0819081
|o snkČSA 1031/2/1991
|i snkČSP 3383/94
|z Chýba č. 5
|f 1
|0 0
|1 0
|4 0
|d 2017-04-04
|l 0
|r 2026-02-21 22:04:23
|w 2026-02-21
|
| 952 |
|
|
|t č. 1-12
|a SNK
|b SNK
|y PREZ
|7 0
|p 17A0819084
|o snkČSA 1031/5/1994
|i snkČSP 2844/99
|f 1
|0 0
|1 0
|4 0
|d 2017-04-04
|l 0
|r 2026-02-21 22:04:23
|w 2026-02-21
|
| 952 |
|
|
|t č. 1-12
|a SNK
|b SNK
|y PREZ
|7 0
|p 17A0819087
|o snkČSA 1031/7[8]/1997
|i snkČSP 2333/2000
|f 1
|0 0
|1 0
|4 0
|d 2017-04-04
|l 0
|r 2026-02-21 22:04:23
|w 2026-02-21
|
| 952 |
|
|
|t č. 1-12
|a SNK
|b SNK
|y PREZ
|7 0
|p 17A1205698
|o snkČSA 1031/9[10]/1999
|i snk2017/8186
|8 0
|f 1
|0 0
|1 0
|4 0
|d 2017-04-04
|l 0
|r 2026-02-21 22:04:24
|w 2026-02-21
|
| 952 |
|
|
|t č. jan.-dec., neúplné
|a SNK
|b SNK
|y PREZ
|7 0
|p 17A1205704
|o snkČSA 1031/15[16]/2005
|i snk2017/8286
|8 0
|z Chýba č. júl-dec. (dostupné v PDF formáte)
|f 1
|0 0
|1 0
|4 0
|d 2017-04-05
|l 0
|r 2026-02-21 22:04:26
|w 2026-02-21
|
| 952 |
|
|
|t č. febr.-dec., neúplné
|a SNK
|b SNK
|y PREZ
|7 0
|p 17A1205705
|o snkČSA 1031/23[24]/2013
|i snk2017/8295
|8 0
|z Chýba č. febr., mar. (dostupné v PDF formáte)
|f 1
|0 0
|1 0
|4 0
|d 2017-04-05
|l 0
|r 2026-02-21 22:04:26
|w 2026-02-21
|
| 952 |
|
|
|t č. január-december
|a SNK
|b SNK
|y PREZ
|7 0
|p 17A1326118
|o snkČSA 1031/27[28]/2017
|i snk2018/10651
|8 0
|f 1
|0 0
|1 0
|4 0
|d 2018-05-17
|l 0
|r 2026-02-21 22:05:35
|w 2026-02-21
|
| 952 |
|
|
|t č. jan.-dec. + mim. č.
|a SNK
|b SNK
|y PREZ
|7 0
|p 17A1205706
|o snkČSA 1031/24[25]/2014
|i snk2017/8348
|8 0
|z Mim. č: november 2014 - mimoriadne vydanie ku komunálnym voľbám 2014
|f 1
|0 0
|1 0
|4 0
|d 2017-04-06
|l 0
|r 2026-02-21 22:17:09
|w 2026-02-21
|
| 952 |
|
|
|t v PDF
|a SNK
|b SNK
|y NEVYP
|7 1
|o snkČSA 1031/16[17]-22[23]/2006-2012
|z R. 2006-2012 v PDF formáte dostupné v OSS
|0 0
|1 0
|4 0
|d 2017-05-29
|l 0
|r 2026-02-21 22:17:38
|w 2026-02-21
|